| 000 | 00823cam a22002051a 4500 | ||
|---|---|---|---|
| 020 | _a9780521889513 (hardback) | ||
| 082 | 0 | 0 | _a338.9109172/4 |
| 245 | 0 | 0 |
_aAid for trade and development / _cedited by Dominique Njinkeu and Hugo Cameron, International Lawyers and Economists Against Poverty. |
| 260 |
_aNew York, NY : _bCambridge University Press, _c2008. |
||
| 300 |
_axxvi, 428 p. : _bill. ; _c26 cm. |
||
| 504 | _aIncludes bibliographical references and index. | ||
| 650 | 0 |
_aEconomic assistance _937650 |
|
| 700 | 1 |
_aNjinkeu, Dominique. _981983 |
|
| 700 | 1 |
_aCameron, Hugo. _981984 |
|
| 710 | 2 | _981985 | |
| 942 |
_2ddc _cBK |
||
| 999 |
_c586330 _d586330 |
||